Ограничение перенапряжений при коммутациях шахтного электрооборудования; Известия Томского политехнического университета [Известия ТПУ]; Т. 321, № 4 : Энергетика
| Parent link: | Известия Томского политехнического университета [Известия ТПУ]/ Томский политехнический университет (ТПУ).— , 2000- Т. 321, № 4 : Энергетика.— 2012.— [С. 51-56] |
|---|---|
| Další autoři: | , , , |
| Shrnutí: | Заглавие с титульного листа Электронная версия печатной публикации Представлен анализ коммутационных перенапряжений, изложена физика явлений при коммутации трансформаторов и электродвигателей с помощью вакуумных выключателей. Представлены результаты моделирования режимов коммутации, расчетов и выбора защитных цепей для шахтного высоковольтного трансформатора мощностью 1 МВт. |
| Jazyk: | ruština |
| Vydáno: |
2012
|
| Edice: | Энергетика |
| Témata: | |
| On-line přístup: | http://earchive.tpu.ru/bitstream/11683/4455/1/bulletin_tpu-2012-321-4-12.pdf |
| Médium: | MixedMaterials Elektronický zdroj Kapitola |
| KOHA link: | https://koha.lib.tpu.ru/cgi-bin/koha/opac-detail.pl?biblionumber=231537 |
MARC
| LEADER | 00000nla2a2200000 4500 | ||
|---|---|---|---|
| 001 | 231537 | ||
| 005 | 20231031202852.0 | ||
| 035 | |a (RuTPU)RU\TPU\book\252559 | ||
| 035 | |a RU\TPU\book\252556 | ||
| 090 | |a 231537 | ||
| 100 | |a 20130202d2012 k y0rusy50 ca | ||
| 101 | 0 | |a rus | |
| 102 | |a RU | ||
| 135 | |a drnn ---uucaa | ||
| 181 | 0 | |a i | |
| 182 | 0 | |a b | |
| 200 | 1 | |a Ограничение перенапряжений при коммутациях шахтного электрооборудования |b Электронный ресурс |f А. Г. Гарганеев [и др.] | |
| 203 | |a Текст |c электронный | ||
| 215 | |a 1 файл (591 Кб) | ||
| 225 | 1 | |a Энергетика | |
| 230 | |a Электронные текстовые данные (1 файл : 591 Кб) | ||
| 300 | |a Заглавие с титульного листа | ||
| 300 | |a Электронная версия печатной публикации | ||
| 320 | |a [Библиогр.: с. 56 (7 назв.)] | ||
| 330 | |a Представлен анализ коммутационных перенапряжений, изложена физика явлений при коммутации трансформаторов и электродвигателей с помощью вакуумных выключателей. Представлены результаты моделирования режимов коммутации, расчетов и выбора защитных цепей для шахтного высоковольтного трансформатора мощностью 1 МВт. | ||
| 337 | |a Adobe Reader | ||
| 461 | 1 | |0 (RuTPU)RU\TPU\book\176237 |t Известия Томского политехнического университета [Известия ТПУ] |f Томский политехнический университет (ТПУ) |d 2000- | |
| 463 | 1 | |0 (RuTPU)RU\TPU\book\251719 |x 1684-8519 |t Т. 321, № 4 : Энергетика |v [С. 51-56] |d 2012 |p 204 с. | |
| 610 | 1 | |a трансформаторы | |
| 610 | 1 | |a коммутация | |
| 610 | 1 | |a перенапряжения | |
| 610 | 1 | |a ограничители | |
| 610 | 1 | |a импульсы | |
| 610 | 1 | |a вакуумные выключатели | |
| 610 | 1 | |a труды учёных ТПУ | |
| 610 | 1 | |a электронный ресурс | |
| 701 | 1 | |a Гарганеев |b А. Г. |c специалист в области электротехники |c профессор Томского политехнического университета |f 1955- |g Александр Георгиевич |2 stltpush |3 (RuTPU)RU\TPU\pers\27965 | |
| 701 | 1 | |a Михневич |b Н. А. |g Николай Алексеевич | |
| 701 | 1 | |a Нестеров |b Д. В. |g Дмитрий Владиславович | |
| 701 | 1 | |a Федоров |b А. В. |g Александр Владимирович | |
| 801 | 1 | |a RU |b 63413507 |c 20090623 |g PSBO | |
| 801 | 2 | |a RU |b 63413507 |c 20220124 |g PSBO | |
| 856 | 4 | |u http://earchive.tpu.ru/bitstream/11683/4455/1/bulletin_tpu-2012-321-4-12.pdf | |
| 942 | |c CF | ||